Le grand temple d'Abou Simbel /

محفوظ في:

المؤلف الرئيسي: Māhir Ṭāhā, Maḥmūd (مؤلف)

مؤلفون آخرون: Gaballa, G.A.

التنسيق: كتاب

اللغة: French

سلاسل: Collection documentaire ; 1.

الموضوعات:

الوسوم: إضافة وسم

لا توجد وسوم, كن أول من يضع وسما على هذه التسجيلة!

رقم الطلب: DT73 .A15 M25 v.1

LEADER 01150namaa2200289 4500
001 13434
003 OSt
005 20210628134056.0
008 130303s2001 ua a e b 000 0 fre d
952 |0 0  |1 0  |2 lcc  |3 V.1  |4 0  |6 DT0073 A15 M25 V.00001  |7 1  |9 16615  |a ARCE  |b ARCE  |d 2021-06-28  |l 0  |o DT73 .A15 M25 v.1  |p 1004178  |r 2021-06-28 00:00:00  |w 2021-06-28  |y BK 
999 |c 13327  |d 13327 
020 |a 9773052818 
040 |c ARCE Library 
043 |a f-ua---  
050 0 4 |a DT73 .A15 M25 v.1 
100 1 |a Māhir Ṭāhā, Maḥmūd,  |e author 
245 1 3 |a Le grand temple d'Abou Simbel /   |c directur du rédaction, G.A. Gaballa ; texte par M. Maher Taha. 
264 1 |a Le Caire :  |b Ministere de la culture, Conseil supreme des antiquities,  |c 2001- 
300 |a volume <1> :  |b illustrations (some color) ;  |c 27 cm. 
490 1 |a Collection documentaire ;   |v 1. 
500 |a Based on photographs from the collections of the Markaz Tasjil al-Athar al-Misriyah. 
500 |a Bibliography : (volume 1 pages 11) 
610 2 0 |a Great Temple (Abū Sunbul, Egypt)  
700 1 |a Gaballa, G.A. 
830 0 |a Collection documentaire ;   |v 1. 
901 |a reviewed 
942 |c BK  |2 lcc